| 000 | 00792cam a22002533a 4500 | ||
|---|---|---|---|
| 001 | 29834 | ||
| 003 | PGUSA | ||
| 005 | 20140828083638.0 | ||
| 008 | 090828s2009||||xxu|||||s|||||000 | eng d | ||
| 040 |
_aPGUSA _beng |
||
| 042 | _adc | ||
| 050 | 4 | _aDF | |
| 100 | 1 |
_aThucydides, _d-460--395 |
|
| 245 | 1 | 0 |
_aΠελοποννησιακός Πόλεμος, Τόμος δεύτερος _h[electronic resource] / _cThucydides |
| 260 |
_bProject Gutenberg, _c2009 |
||
| 506 | _aPublic domain in the USA. | ||
| 516 | _aElectronic text | ||
| 653 | _aGreece -- History -- Peloponnesian War, 431-404 B.C. | ||
| 700 | 1 |
_aZervos, Ioannis, _d1875-1944 |
|
| 740 | 0 | _aPeloponnesian war Volume 2 | |
| 830 | 0 |
_aProject Gutenberg _v29834 |
|
| 856 | 4 | 0 | _uhttp://www.gutenberg.org/ebooks/29834 |
| 942 | _cEB | ||
| 999 |
_c259089 _d259089 |
||